| 000 | 00490pab a2200181 454500 | ||
|---|---|---|---|
| 008 | 180718b2003 xxu||||| |||| 00| 0 eng d | ||
| 100 | _aMani, Pankaj | ||
| 245 | _aErosion study of a part of Majuli river-Island using remote sensing data | ||
| 260 | _c2003 | ||
| 300 | _ap.11-18. | ||
| 362 | _aMay | ||
| 650 | _aErosion | ||
| 650 | _aSoil erosion | ||
| 700 | _aChatterjee, C. | ||
| 700 | _aRakesh Kumar | ||
| 773 | _aJournal of the Indian Society of Remote Sensing | ||
| 909 | _a57123 | ||
| 999 |
_c57123 _d57123 |
||